ModelEd, TestEd, TrustEd Essays Dedicated to Ed Brinksma on the Occasion of His 60th Birthday /

This Festschrift volume has been published in honor of Ed Brinksma, on the occasion of his 60th birthday. The contributions in this Festschrift are written by a number of Ed's former Ph.D. students and collaborators. The papers are a reflection on his research contributions and interests and al...

Full description

Bibliographic Details
Corporate Author: SpringerLink (Online service)
Other Authors: Katoen, Joost-Pieter (Editor), Langerak, Rom (Editor), Rensink, Arend (Editor)
Format: Electronic eBook
Language:English
Published: Cham : Springer International Publishing : Imprint: Springer, 2017.
Series:Lecture Notes in Computer Science, 10500
Subjects:
Online Access:Full Text via HEAL-Link
LEADER 02957nam a22006375i 4500
001 978-3-319-68270-9
003 DE-He213
005 20170927234518.0
007 cr nn 008mamaa
008 170927s2017 gw | s |||| 0|eng d
020 |a 9783319682709  |9 978-3-319-68270-9 
024 7 |a 10.1007/978-3-319-68270-9  |2 doi 
040 |d GrThAP 
050 4 |a QA76.9.L63 
050 4 |a QA76.5913 
050 4 |a QA76.63 
072 7 |a UM  |2 bicssc 
072 7 |a UYF  |2 bicssc 
072 7 |a COM051000  |2 bisacsh 
072 7 |a COM036000  |2 bisacsh 
082 0 4 |a 005.1015113  |2 23 
245 1 0 |a ModelEd, TestEd, TrustEd  |h [electronic resource] :  |b Essays Dedicated to Ed Brinksma on the Occasion of His 60th Birthday /  |c edited by Joost-Pieter Katoen, Rom Langerak, Arend Rensink. 
264 1 |a Cham :  |b Springer International Publishing :  |b Imprint: Springer,  |c 2017. 
300 |a XII, 391 p. 115 illus.  |b online resource. 
336 |a text  |b txt  |2 rdacontent 
337 |a computer  |b c  |2 rdamedia 
338 |a online resource  |b cr  |2 rdacarrier 
347 |a text file  |b PDF  |2 rda 
490 1 |a Lecture Notes in Computer Science,  |x 0302-9743 ;  |v 10500 
505 0 |a Modeling and Semantics -- Testing -- Analysis -- Probabilities -- System Dynamics -- Applications. 
520 |a This Festschrift volume has been published in honor of Ed Brinksma, on the occasion of his 60th birthday. The contributions in this Festschrift are written by a number of Ed's former Ph.D. students and collaborators. The papers are a reflection on his research contributions and interests and all fall into the area of formal methods, or in Ed's terminology applied mathematics in computer science. The papers address modeling languages and semantics, model-based testing, verification and performance analysis, probabilistic computation, system dynamics, and applications of formal methods. 
650 0 |a Computer science. 
650 0 |a Software engineering. 
650 0 |a Programming languages (Electronic computers). 
650 0 |a Algorithms. 
650 0 |a Computer logic. 
650 0 |a Mathematical logic. 
650 0 |a Computer simulation. 
650 1 4 |a Computer Science. 
650 2 4 |a Logics and Meanings of Programs. 
650 2 4 |a Software Engineering. 
650 2 4 |a Programming Languages, Compilers, Interpreters. 
650 2 4 |a Simulation and Modeling. 
650 2 4 |a Mathematical Logic and Formal Languages. 
650 2 4 |a Algorithm Analysis and Problem Complexity. 
700 1 |a Katoen, Joost-Pieter.  |e editor. 
700 1 |a Langerak, Rom.  |e editor. 
700 1 |a Rensink, Arend.  |e editor. 
710 2 |a SpringerLink (Online service) 
773 0 |t Springer eBooks 
776 0 8 |i Printed edition:  |z 9783319682693 
830 0 |a Lecture Notes in Computer Science,  |x 0302-9743 ;  |v 10500 
856 4 0 |u http://dx.doi.org/10.1007/978-3-319-68270-9  |z Full Text via HEAL-Link 
912 |a ZDB-2-SCS 
912 |a ZDB-2-LNC 
950 |a Computer Science (Springer-11645)